| 000 | 00484nam a2200169 4500 | ||
|---|---|---|---|
| 003 | SEACOMEC | ||
| 005 | 20240516151304.0 | ||
| 008 | 240516b |||||||| |||| 00| 0 eng d | ||
| 020 |
_a978-1-55860-852-8 _c395.00 |
||
| 040 | _aSEACOMEC | ||
| 082 |
_a004.6 _bD812 |
||
| 100 | _a Duato,, Jose | ||
| 245 |
_aInterconnection Networks: An Engineering Approach _cJose Duato, Sudhakar Yalamanchili, and Ni Lionel |
||
| 260 |
_aNew Delhi _bElsevier _c2004 |
||
| 300 | _a650p | ||
| 942 | _cBOOK | ||
| 999 |
_c1129 _d1129 |
||